[Event "Thessaloniki-Chalkidiki-chT"]
[Site "Thessaloniki"]
[Date "2022.03.19"]
[Round "4"]
[White "Apostolou, Ioannis"]
[Black "Hristof, Petros"]
[Result "0-1"]
[WhiteElo "1552"]
[BlackElo "1376"]
[PlyCount "112"]
[EventDate "2022.02.20"]
[EventType "team-tourn"]
[EventRounds "7"]
[EventCountry "GRE"]
[SourceTitle "EXT 2024"]
[Source "ChessBase"]
[SourceDate "2023.10.10"]
[SourceVersion "1"]
[SourceVersionDate "2023.10.10"]
[SourceQuality "1"]

1. e4 c5 2. Nf3 d6 3. d4 cxd4 4. c3 Nc6 5. cxd4 Bg4 6. Bc4 Nf6 7. Qd3 d5 8. exd5 Bxf3 9. Qxf3 Nxd4 10. Qd3 e5 11. dxe6 Nxe6 12. Bb5+ Nd7 13. 0-0 a6 14. Ba4 b5 15. Bb3 Ndc5 16. Qf3 Nxb3 17. axb3 Qc8 18. Nc3 Be7 19. Nd5 Ra7 20. Be3 Rb7 21. Rfc1 Qb8 22. Rxa6 0-0 23. Rac6 Bg5 24. Bxg5 Nxg5 25. Qg4 Ne6 26. Nf6+ Kh8 27. Nh5 Rd8 28. Rxe6 fxe6 29. Qxe6 Rbd7 30. Re1 Rd1 31. Ng3 Qd6 32. Rxd1 Qxd1+ 33. Nf1 Qd7 34. Qe5 h6 35. h3 Rf8 36. Ne3 Qf7 37. Qg3 Qxb3 38. Qe5 Qf7 39. Qg3 Qf6 40. b3 Qb2 41. Ng4 Qc1+ 42. Kh2 Qf4 43. Ne5 Qxg3+ 44. Kxg3 Rc8 45. f3 Rc2 46. b4 Rb2 47. Nc6 g5 48. f4 gxf4+ 49. Kxf4 Rxg2 50. Nd4 Rb2 51. Nc6 Kg7 52. Kf5 Rb3 53. h4 Kf7 54. h5 Rb1 55. Ne5+ Kg7 56. Nc6 Rg1 0-1

[Event "Kastoria op 1st"]
[Site "Kastoria"]
[Date "1996.07.19"]
[Round "3.14"]
[White "Deligiorgis, Georgios"]
[Black "Apostolou, Ioannis"]
[Result "1-0"]
[WhiteElo "1865"]
[BlackElo "1715"]
[PlyCount "33"]
[EventDate "1996.07.17"]
[EventType "swiss"]
[EventRounds "9"]
[EventCountry "GRE"]
[SourceTitle "EXT 2024"]
[Source "ChessBase"]
[SourceDate "2023.10.10"]
[SourceVersion "1"]
[SourceVersionDate "2023.10.10"]
[SourceQuality "1"]

1. d4 Nf6 2. c4 g6 3. Nc3 Bg7 4. e4 d6 5. f3 0-0 6. Be3 Nc6 7. Qd2 e5 8. Nge2 a6 9. h4 h5 10. Nd5 Bd7 11. Rc1 b5 12. Nxf6+ Qxf6 13. Bg5 Qe6 14. d5 Qe8 15. dxc6 Bxc6 16. Nc3 f5 17. Nd5 1-0